| 000 | 02577nam a2200433 i 4500 | ||
|---|---|---|---|
| 001 | xb19453668 | ||
| 006 | m d | ||
| 007 | cr n | ||
| 008 | 121120t20122012enka sb 001 0 eng d | ||
| 020 |
_a9781906924676 _q(pdf) |
||
| 020 |
_a9781906924683 _q(epub) |
||
| 020 |
_a9781906924690 _q(mobi) |
||
| 020 | _z9781906924652 (Paperback) | ||
| 020 | _z9781906924669 (Hardback) | ||
| 035 | _a(OCoLC)785989178 | ||
| 040 |
_aStSaUL _beng _erda |
||
| 245 | 0 | 0 |
_aWomen in nineteenth-century Russia _h[electronic resource] : _blives and culture / _cedited by Wendy Rosslyn and Alessandra Tosi. |
| 264 | 1 | _bOpen Book Publishers, | |
| 300 |
_a1 online resource (ix, 249 pages) : _billustrations. |
||
| 500 | _aAvailable through Open Book Publishers. | ||
| 504 | _aIncludes bibliographical references and index. | ||
| 505 | 0 | _aIntroduction : framing the view : Russian women in the long nineteenth century / Sibelan Forrester -- Women and urban culture / Barbara Alpern Engel -- Russian peasant women's culture : three voices / Christine D. Worobec -- Mary and women in late Imperial Russian Orthodoxy / Vera Shevzov -- Women and the visual arts / Rosalind P. Blakesley -- Women and music / Philip Ross Bullock -- The rise of the actress in early nineteenth-century Russia / Julie A. Cassiday -- "How women should write" : Russian women's writing in the nineteenth century / Arja Rosenholm and Irina Savkina -- Between law and morality : violence against women in nineteenth-century Russia / Marianna G. Muravyeva -- Index. | |
| 506 | _aOpen access resource providing free access. | ||
| 538 | _aMode of access: World Wide Web. | ||
| 540 | _aSome rights are reserved. This book is made available under the Creative Commons Attribution Non-Commercial-No Derivative Works 2.0 UK: England & Wales License. For more detailed information consult the publisher's website. | ||
| 650 | 0 |
_aWomen _zRussia _xHistory _y19th century. |
|
| 650 | 0 |
_aWomen _zRussia _xSocial conditions _y19th century. |
|
| 651 | 0 |
_aRussia _xCivilization _y1801-1917. |
|
| 651 | 0 |
_aRussia _xSocial conditions _y1801-1917. |
|
| 700 | 1 |
_aRosslyn, Wendy, _eeditor. |
|
| 700 | 1 |
_aTosi, Alessandra, _eeditor. |
|
| 710 | 2 |
_aOpen Book Publishers, _epublisher. |
|
| 856 | 4 | 0 |
_uhttp://doi.org/10.11647/OBP.0018 _zConnect to e-book |
| 856 | 4 | 2 |
_uhttp://www.openbookpublishers.com/shopimages/products/cover/98 _zConnect to cover image |
| 999 |
_c29262 _d29262 |
||